000 00859nmm a2200265 a 4500
001 ocm000607635
003 TR-IsHL
005 20201028134208.0
008 131121s2009 tu tur
007 cr cn
020 _a9786055715281
035 _a607635
_b(N$T)
050 0 4 _aBP63
_b.D63 2009
090 0 4 _aBP63
_b.D63 2009
100 1 _aDoğan, Muhammet Nur
245 1 0 _aİslamı kur'an'dan okumak kültür dininden kur'an islamına
_h[electronic resource] /
_cMuhammet Nur Doğan
260 _aİstanbul :
_bBilge Kültür Sanat,
_c2009
300 _a232 p.
650 4 _aGenel Çalışmalar
650 4 _aGeneral Works
650 0 _aIslam
_x Turkey
650 0 _aİslam
_x Türkiye
650 7 _aRELIGION / Islam / General
_2bisacsh
856 4 0 _uhttp://search.ebscohost.com/login.aspx?direct=true&scope=site&db=e011xww&AN=607635
999 _c6057
_d6057